| 000 | 00485nam a2200193Ia 4500 | ||
|---|---|---|---|
| 005 | 20140314141310.0 | ||
| 008 | 140130s9999 xx 000 0 und d | ||
| 020 | _a0439388511 | ||
| 050 |
_aPZ 7 _b.M927Ge 2002 |
||
| 100 | _aMunsch, Robert | ||
| 245 |
_cMunsch, Robert _aGet out of bed / |
||
| 260 |
_bScholastic, _c2002. _aNew York : |
||
| 300 |
_a1 v. (unpaged) : _bcol. ill. ; _c21 cm. |
||
| 440 | _v1 | ||
| 521 | _aG2 | ||
| 526 | _c470 | ||
| 942 |
_cBK _2lcc |
||
| 999 |
_c40422 _d40422 |
||